Stolice państw europejskich - Statystyki

Ogólne statystyki
  • Ten quiz został rozwiązany 30 razy
  • Średni wynik to 10 z 11
Statystyki odpowiedzi
Hint Odpowiedź % Poprawnych
Ukraina Kijów
100%
Francja Paryż
100%
Włochy Rzym
100%
Dania Kopenhaga
96%
Portugalia Lizbona
96%
Wielka Brytania Londyn
96%
Hiszpania Madryt
92%
Czechy Praga
92%
Norwegia Oslo
88%
Austria Wiedeń
88%
Szwecja Sztokholm
83%
Nie znaleziono quizów pasujących do podanych kryteriów
Rozkład punktacji
Procent ludzi z każdym wynikiem
Percentyl według liczby udzielonych odpowiedzi
Twoja historia wyników
Nie rozwiązałeś tego quizu